000 00369nam a2200133Ia 4500
008 240624s9999 xx 000 0 und d
041 _aeng
082 _a658.421 SHA
100 _aSHARMA GULNAR
245 _aENTREPRENEURSHIP MANAGEMENT
260 _c2013
_aNew Delhi
_bShroff Publishers & Distributors Pvt Ltd
300 _aix, : 171 : p. : cm. ; 21
365 _cRS
_b30
999 _c27025
_d27025